| 000 | 00872cam a22002532 4500 | ||
|---|---|---|---|
| 001 | 0000018620 | ||
| 005 | 20151217145906.0 | ||
| 008 | 100223s xx 000 0 eng d | ||
| 020 | _a0521679718 : | ||
| 040 |
_aKABU _cKABU |
||
| 100 | 1 |
_aRiley, K. F. _@0000156978 |
|
| 245 | 1 | 0 |
_aMathematical methods for physics and engineering / _cK. F. Riley, M. P. Hobson and S. J. Bence. |
| 250 | _a3rd ed. | ||
| 260 |
_aCambridge : _bC. U. P., _c2006. |
||
| 300 | _axxvii, 1333 p. | ||
| 650 | 0 |
_aMathematical analysis. _@0000154569 |
|
| 700 | 1 |
_aHobson, M. P. _@0000156979 |
|
| 700 | 1 |
_aBence, S. J. _@0000156980 |
|
| 852 | 1 | _9p5990 KES (Set) | |
| 852 | 1 | _9p5990 KES (Set) | |
| 852 | 1 | _9p5990 KES (Set) | |
| 908 | _a100223 | ||
| 950 | _@1 | ||
| 999 |
_c3774 _d3774 |
||